History Quiz

Random History or Letter Quiz

Vice President per Letter Quiz Stats

 Plays Quiz Updated Aug 21, 2017

Challenge
Share
Tweet
Embed
Score 0/18 Timer 03:00
1 Play Today
Letter Vice Presidential Last Name % Correct
AAdams/Arthur/Agnew
95.7%
BBurr/Breckinridge/Barkley/Bush/Biden
95.3%
JJefferson/Johnson (3x)
93.6%
CClinton/Calhoun/Colfax/Coolidge/Curtis/Cheney
86.9%
FFillmore/Fairbanks/Ford
79.2%
TTompkins/Tyler/Truman
76.3%
NNixon
76%
GGerry/Garner/Gore
74%
RRoosevelt/Rockefeller
74%
Letter Vice Presidential Last Name % Correct
QQuayle
63.5%
WWilson/Wheeler/Wallace
61.3%
VVan Buren
54.4%
MMorton/Marshall/Mondale
45.1%
HHamlin/Hendricks/Hobart/Humphrey
37.7%
SStevenson/Sherman
27.4%
KKing
21.7%
DDallas/Dawes
15.8%
PPence
12.2%

You're not logged in!

Compare scores with friends on all Sporcle quizzes.
Join for Free
OR
Log In

You Might Also Like...

Show Comments

Extras

Top Quizzes Today


Score Distribution

Your Account Isn't Verified!

In order to create a playlist on Sporcle, you need to verify the email address you used during registration. Go to your Sporcle Settings to finish the process.

Report this User

Report this user for behavior that violates our Community Guidelines.

Details: